[Event "Mumbai Aurionpro GM op"]
[Site "Mumbai"]
[Date "2025.06.21"]
[Round "6"]
[White "Balkishan, A."]
[Black "Shah Moxit, J."]
[Result "1-0"]
[WhiteElo "2167"]
[BlackElo "1983"]
[PlyCount "119"]
[EventDate "2025.06.16"]
[EventType "swiss"]
[EventRounds "9"]
[EventCountry "IND"]
[SourceTitle "CB26_2025"]
[SourceDate "2025.06.25"]
[SourceVersion "1"]
[SourceVersionDate "2025.06.25"]
[SourceQuality "1"]

1. d4 Nf6 2. c4 e5 3. dxe5 Ng4 4. e3 Nxe5 5. Nh3 d6 6. Nf4 g6 7. Be2 Bg7 8. Nc3 0-0 9. Qd2 Nbd7 10. h4 Nb6 11. b3 a5 12. Bb2 a4 13. Rd1 Bf5 14. Kf1 Re8 15. e4 Bd7 16. h5 Bc6 17. Nh3 Ned7 18. f3 Nf6 19. g4 axb3 20. axb3 Nbd7 21. Nf2 Nc5 22. b4 Ne6 23. h6 Bh8 24. Kg2 b6 25. Ra1 Rxa1 26. Bxa1 Nd7 27. Nh3 Nd4 28. Bd1 Ne6 29. Bb2 Qh4 30. g5 Be5 31. Ne2 Bxb2 32. Qxb2 Ne5 33. Bc2 Nxg5 34. Nf2 Nh3 35. Rxh3 Qg5+ 36. Kf1 Bd7 37. Rh1 Qe3 38. f4 Be6 39. fxe5 Bxc4 40. Bd1 dxe5 41. Rh3 Qg5 42. Bb3 Bb5 43. Qc3 Re7 44. Bc4 Bd7 45. Rh2 Re8 46. Qg3 Qd2 47. Qd3 Qxd3 48. Nxd3 c5 49. bxc5 bxc5 50. Rf2 Be6 51. Bxe6 Rxe6 52. Nxc5 Rc6 53. Nd7 f5 54. Nxe5 Re6 55. Nf3 fxe4 56. Nh2 Re5 57. Ng4 Rg5 58. Nf6+ Kf7 59. Nxh7+ Rf5 60. Ng5+ 1-0

[Event "IND-chT 44th"]
[Site "Ahmedabad"]
[Date "2025.03.05"]
[Round "1.3"]
[White "Aronyak, Ghosh"]
[Black "Shah Moxit, J."]
[Result "1-0"]
[WhiteElo "2530"]
[BlackElo "2018"]
[PlyCount "83"]
[EventDate "2025.03.05"]
[EventType "team-swiss"]
[EventRounds "9"]
[EventCountry "IND"]
[SourceTitle "CB12_2025"]
[SourceDate "2025.03.19"]
[SourceVersion "1"]
[SourceVersionDate "2025.03.19"]
[SourceQuality "1"]
[WhiteTeam "Railway Sport PB"]
[BlackTeam "Gujarat III"]
[WhiteTeamCountry "IND"]
[BlackTeamCountry "IND"]

1. d4 Nf6 2. c4 c5 3. dxc5 e6 4. a3 Bxc5 5. e3 0-0 6. Nf3 b6 7. Bd3 Bb7 8. 0-0 Be7 9. Nc3 d5 10. cxd5 Nxd5 11. Be4 Qd7 12. Nxd5 Bxd5 13. Bxd5 Qxd5 14. Qxd5 exd5 15. Rd1 Rd8 16. b4 Bf6 17. Ra2 Nc6 18. Rad2 Rac8 19. g4 h6 20. Kg2 g6 21. Rd3 Ne7 22. e4 Rc4 23. Bxh6 Rxe4 24. h3 Rc8 25. Be3 Rc2 26. Nd4 Bxd4 27. Bxd4 Ree2 28. Rf3 f5 29. Bf6 fxg4 30. hxg4 Rc4 31. Kh3 a5 32. bxa5 bxa5 33. Rb1 Rc8 34. Rb7 Rf8 35. g5 Nf5 36. Rxf5 gxf5 37. Rg7+ Kh8 38. Rf7+ Kg8 39. Rg7+ Kh8 40. Re7+ Rxf6 41. gxf6 Re4 42. f3 1-0

[Event "Western Asia-ch U14"]
[Site "Delhi"]
[Date "2019.09.06"]
[Round "1"]
[White "Nikhil, Magizhnan"]
[Black "Shah Moxit, J."]
[Result "1-0"]
[WhiteElo "2251"]
[BlackElo "1660"]
[PlyCount "99"]
[EventDate "2019.09.06"]
[EventType "swiss"]
[EventRounds "9"]
[EventCountry "IND"]
[SourceTitle "CBM 192 Extra"]
[Source "Chessbase"]
[SourceDate "2019.11.06"]
[SourceVersion "1"]
[SourceVersionDate "2019.11.06"]
[SourceQuality "1"]

1. e4 d6 2. d4 Nf6 3. Nc3 g6 4. Nf3 Bg7 5. Be3 c6 6. Qd2 0-0 7. h3 Qc7 8. g4 b5 9. a3 Nbd7 10. Bd3 a6 11. Bh6 Bb7 12. Bxg7 Kxg7 13. Ne2 c5 14. Ng3 c4 15. g5 cxd3 16. gxf6+ Nxf6 17. cxd3 Bc8 18. Rg1 Bd7 19. Nh4 e6 20. f4 Rac8 21. Nf3 Qc2 22. Rd1 Qxd2+ 23. Kxd2 Rfe8 24. Rdf1 Kg8 25. e5 dxe5 26. fxe5 Nd5 27. Ng5 Rf8 28. N5e4 b4 29. Nc5 Bb5 30. a4 Bc6 31. Nge4 a5 32. Rf2 Nb6 33. Nd6 Rc7 34. b3 Bd5 35. Nb5 Re7 36. Kc2 Rd8 37. Rgf1 Nc8 38. Ne4 Bxe4 39. dxe4 Rf8 40. Kd3 Na7 41. Nd6 Rc7 42. Rc2 Rxc2 43. Kxc2 Rd8 44. Kd3 Rd7 45. Rc1 f6 46. Ne8 Kf8 47. Nxf6 Rf7 48. d5 Ke7 49. Rc5 exd5 50. exd5 1-0